|
|
|
|
| LEADER |
00000nam0a2200000 4500 |
| 001 |
4513 |
| 005 |
20231030175125.0 |
| 010 |
|
|
|a 5779101167
|
| 035 |
|
|
|a (RuTPU)RU\TPU\book\4537
|
| 035 |
|
|
|a BOOK00004556
|
| 090 |
|
|
|a 4513
|
| 100 |
|
|
|a 20011209d1998 m y0rusy50 ca
|
| 101 |
0 |
|
|a rus
|
| 102 |
|
|
|a RU
|
| 105 |
|
|
|a a z 001zy
|
| 200 |
1 |
|
|a Устройства хранения информации
|f В. Г. Чепурной
|
| 210 |
|
|
|a СПб.
|c BHV-Санкт-Петербург
|d 1998
|
| 215 |
|
|
|a 208 с.
|c ил.
|
| 225 |
1 |
|
|a Аппаратные средства
|
| 320 |
|
|
|a Список литературы: с. 208.
|
| 610 |
1 |
|
|a персональные компьютеры
|
| 610 |
1 |
|
|a запоминающие устройства
|
| 610 |
1 |
|
|a информатика
|
| 610 |
1 |
|
|a хранение
|
| 610 |
1 |
|
|a накопители
|
| 610 |
1 |
|
|a голограммы
|
| 610 |
1 |
|
|a магнитные диски
|
| 675 |
|
|
|a 681.327.6
|v 3
|
| 700 |
|
1 |
|a Чепурной
|b В. Г.
|
| 801 |
|
0 |
|a RU
|b 63413507
|c 20011209
|g PSBO
|
| 801 |
|
2 |
|a RU
|b 63413507
|c 20110802
|g PSBO
|
| 942 |
|
|
|c BK
|